Statistics for Fast Typing Countries (Hard Spelling Version)

Click here to take the quiz!

General Stats

  • This quiz has been taken 1,956 times
  • The average score is 22 of 26

Answer Stats

HintAnswer% Correct
EthiopiaEthiopia
99%
KiribatiKiribati
97%
LithuaniaLithuania
97%
RwandaRwanda
97%
TajikistanTajikistan
95%
AbkhaziaAbkhazia
93%
TurkmenistanTurkmenistan
93%
DjiboutiDjibouti
89%
KazakhstanKazakhstan
87%
Equatorial GuineaEquatorial Guinea
86%
AfghanistanAfghanistan
83%
ZimbabweZimbabwe
83%
MozambiqueMozambique
82%
BangladeshBangladesh
80%
KyrgyzstanKyrgyzstan
80%
IndonesiaIndonesia
79%
GuatemalaGuatemala
78%
Burkina FasoBurkina Faso
77%
CzechoslovakiaCzechoslovakia
77%
NamibiaNamibia
77%
Brunei DarussalamBrunei Darussalam
76%
NicaraguaNicaragua
74%
SurinameSuriname
74%
SeychellesSeychelles
71%
SwazilandSwaziland
68%
UzbekistanUzbekistan
68%

Score Distribution

Percentile by Number Answered

Percent of People with Each Score

Your Score History

You have not taken this quiz